00488nmm a2200169Ia 4500008004100000020001500041041000800056100002000064245003600084264005100120300001800171490002300189650003200212856005000244942000700294999001700301251105s9999||||xx |||||||||||||||||und|| a8497422694 aspa aBlanco, Rogelio 0aPor un socialismo participativo a[Madrid, España] :bBiblioteca Nueva, c2004 a128 páginas aEnsayo Pensamiento aPolitical Science (General) uhttps://public.digitaliapublishing.com/a/5086 cCF c74122d74122